000 00499nam a2200181Ia 4500
999 _c7453
_d7453
003 OSt
005 20201118152931.0
008 190216s9999||||xx |||||||||||||| ||und||
020 _a9788127243786
040 _coclc
082 _a657
_bJAI/F
100 _aJain, S P
_91169
245 0 _aFinancial Accounting /
_cS P Jain ; K L Narang
250 _a9th ed.
260 _bKalyani Publishers,
_c2008.
_aNew Delhi:
300 _a510p
942 _cBK
_2ddc
_h657
_iJAI/F
_k657
_mJAI/F